Spain National Football Team: Top 30 Most Capped Players - Statistics

General Stats
  • This quiz has been taken 633 times
  • The average score is 14 of 30
Answer Stats
Caps Player % Correct
104 Andres Iniesta
96%
162 Iker Casillas
96%
133 Xavi Hernandez
96%
128 Sergio Ramos
94%
97 David Villa
89%
100 Carles Puyol
87%
69 Gerard Pique
86%
110 Fernando Torres
84%
102 Raul Gonzalez
81%
77 Segio Busquets
79%
126 Xabi Alonso
68%
91 David Silva
66%
89 Fernando Hierro
65%
97 Cesc Fabregas
60%
69 Emilio Butragueno
37%
114 Andoni Zubizarreta
31%
56 Alvaro Arbeloa
28%
60 Joan Capdevila
26%
62 Luis Enrique
26%
73 Santi Cazorla
20%
69 Carlos Marchena
16%
66 Michel
15%
81 Jose Camacho
10%
56 Santillana
10%
56 Julio Salinas
8%
68 Luis Arconada
7%
75 Rafael Gordillo
5%
56 Sergi Barjuan
3%
60 Victor Munoz
1%
62 Miguel Angel Nadal
0%
No matching quizzes found
Score Distribution
Percent of People with Each Score
Percentile by Number Answered
Your Score History
You have not taken this quiz